00482nam a2200193Ia 4500003000400000005001700004008004100021040000700062041000800069082001900077100002000096245004700116260003800163300001600201365001400217440000600231650002900237650002200266OSt20230509165415.0210423s1997 xx 000 0 und d cAL aeng a323 223bSUBH aSUBRANANIAM (S) aHuman rights: international challenges V.2 aNew DelhibManas Publishingc1997 a329,774bPB b2200cINR v2 aCivil & Political Rights aPolitical Science